| Tag |
First Indicator |
Second Indicator |
Subfields |
| LEADER |
00000cas a2200000Ka 4500 |
| 001 |
in00002864483 |
| 005 |
20151202172729.0 |
| 006 |
m o d |
| 007 |
cr ||||||||||| |
| 008 |
800208d19191920dcuar oo 1 a0eng d |
| 022 |
|
|
|y 0272-5053
|l 0272-5053
|
| 035 |
|
|
|a (OCoLC)ocn681718412
|
| 035 |
|
|
|a (OCoLC)681718412
|
| 040 |
|
|
|a N
|b eng
|c CUD
|d OCL
|d OCLCQ
|d TXA
|d UtOrBLW
|
| 042 |
|
|
|a dlr
|
| 049 |
|
|
|a TXAM
|
| 050 |
1 |
4 |
|a KZ27.A67
|b A47
|
| 090 |
|
|
|a JX27
|b .A5 Electronic
|
| 110 |
2 |
|
|a American Society of International Law.
|
| 240 |
1 |
0 |
|a Proceedings of the American Society of International Law at the meeting of its executive council (Online)
|
| 245 |
1 |
0 |
|a Proceedings of the American Society of International Law at the meeting of its executive council.
|
| 264 |
|
1 |
|a Washington, D.C. :
|b The Society,
|c 1919-1921.
|
| 310 |
|
|
|a Annual
|
| 336 |
|
|
|a text
|b txt
|2 rdacontent
|
| 337 |
|
|
|a computer
|b c
|2 rdamedia
|
| 338 |
|
|
|a online resource
|b cr
|2 rdacarrier
|
| 362 |
0 |
|
|a Apr. 27, 1918 and Apr. 17, 1919-Nov. 13, 1920.
|
| 506 |
|
|
|3 Use copy
|f Restrictions unspecified
|2 star
|5 MiAaHDL
|
| 515 |
|
|
|a Vol. for 1918-1919 issued combined.
|
| 533 |
|
|
|a Electronic reproduction.
|b [S.l.] :
|c HathiTrust Digital Library,
|d 2010.
|5 MiAaHDL
|
| 538 |
|
|
|a Mode of access: World Wide Web.
|
| 583 |
1 |
|
|a digitized
|c 2010
|h HathiTrust Digital Library
|l committed to preserve
|2 pda
|5 MiAaHDL
|
| 588 |
|
|
|a Description based on print version record.
|
| 500 |
|
|
|a Electronic resource.
|
| 610 |
2 |
0 |
|a American Society of International Law
|v Congresses.
|
| 650 |
|
0 |
|a International law
|v Congresses.
|
| 655 |
|
0 |
|a Electronic journals.
|
| 710 |
2 |
|
|a William S. Hein & Company.
|
| 776 |
0 |
8 |
|i Print version:
|a American Society of International Law.
|t Proceedings of the American Society of International Law at the meeting of its executive council
|x 0272-5053
|w (DLC) 97660624
|w (OCoLC)5969012
|
| 780 |
0 |
0 |
|a American Society of International Law. Meeting.
|s Proceedings of the American Society of International Law at its ... Annual Meeting (1908).
|t Proceedings of the American Society of International Law at its ... Annual Meeting
|w (OCoLC)53216535
|
| 785 |
0 |
0 |
|a American Society of International Law. Meeting.
|s Proceedings of the American Society of International Law at its ... Annual Meeting (1921 : Online).
|t Proceedings of the American Society of International Law at its ... Annual Meeting
|w (OCoLC)60648818
|
| 948 |
|
|
|a cataloged
|b h
|c 2013/1/17
|d c
|e spoltoratski
|f 11:42:02 am
|g sc
|
| 994 |
|
|
|a C0
|b TXA
|
| 999 |
|
|
|a MARS
|
| 999 |
f |
f |
|s 26aaa450-198c-32e9-83bd-ca6219feded9
|i 064b837a-a89d-3d3a-a035-37b6921ac237
|t 0
|
| 952 |
f |
f |
|a Texas A&M University
|b College Station
|c Electronic Resources
|d Available Online
|t 0
|e JX27 .A5
|g Electronic
|h Library of Congress classification
|
| 998 |
f |
f |
|a JX27 .A5
|t 0
|l Available Online
|